| 000 | 00896nam a2200289 a 4500 | ||
|---|---|---|---|
| 005 | 20200104041514.0 | ||
| 008 | 140221b1998 sz ||||| |||| 00| 0 eng d | ||
| 020 | _a2831704286 | ||
| 040 |
_aCO-BoIAVH _cCO-BoIAVH |
||
| 041 | _aeng | ||
| 044 | _asz | ||
| 082 | 0 | 4 |
_a333.953416 _bG56g |
| 090 |
_aLB _b00710 |
||
| 100 | 1 |
_aGlowka, Lyle _98849 |
|
| 245 | 1 | 0 | _aGuide to designing legal frameworks to determine access to genetic resources |
| 260 |
_aGland: _bIUCN, _c1998. |
||
| 300 |
_a97p. _c27 cm. |
||
| 650 | 4 |
_aAcceso a recursos genéticos _xlegislación _933474 |
|
| 650 | 4 |
_aLegislación ambiental _933475 |
|
| 650 | 4 |
_aConvenio sobre diversidad biológica _93261 |
|
| 650 | 4 |
_aComunidades locales _93678 |
|
| 650 | 4 |
_aComunidades indígenas _933476 |
|
| 650 | 4 |
_aUso sostenible _9344 |
|
| 650 | 4 |
_aImpacto ambiental _933478 |
|
| 650 |
_aConservación ex situ _94301 |
||
| 942 |
_cLIBRO _2ddc |
||
| 999 |
_c725 _d725 |
||